000 01371nam a2200265 i 4500
001 190513
003 ES-MaACL
005 20240112174709.0
008 210817s2018 sp ac 001 0bspa d
080 _a929 Concas y Palau, Víctor
100 1 _aVega, Antonio de la.
_9173290
245 1 3 _aEl almirante Víctor Mª Concas y Palau :
_bel marino, el intelectual, el político /
_cAntonio de la Vega, José Juan Varela.
260 _aMadrid :
_bRobinson Librería Naútica,
_c[2018]
300 _a243 p. :
_bretr. ;
_c30 cm.
504 _aBibliografía: p. 233-235.
505 8 _aEn p. 26: Ateneo de Madrid: Concas fue socio con el n. 8237... dio conferencias, la primera en el curso 1884-85 con el título "Los intereses de España en el sultanato de Joló"... El año 1902... "Trafalgar y la Marina española"... y en el de 1911-12... sobre "Los marinos de la Regencia"
586 _aAccésit... premios de la Librería Náutica Robinson del año 2018
600 1 4 _aConcas y Palau, Víctor.
_940067
700 1 _aVarela, José Juan.
_9173291
852 4 _aES-MaACL
_jA-14713
_9197691
_bR.152470
_cDEPO1
_dOlim: N-7713
_gDedicatoria autógrafa de los autores
_hDonación: Antonio de la Vega y Juan José Varela
903 _9173290
_aVega, Antonio de la
_ednr
903 _9173291
_aVarela, José Juan
_ednr
942 _2udc
_cMONOGRAFIA
999 _c190513
_d190513